Statistiques concernant Géographie par lettre de l'alphabet n°5

Cliquez ici pour prendre le quiz!

Statistiques générales

  • Ce quiz a été pris 461 fois
  • Le résultat moyen est 16 sur 26

Statistiques - réponses

DescriptionsLettresRéponse% Correct
Le « pays du soleil levant »JJapon
97%
Capitale de la NorvègeOOslo
96%
Bucarest est sa capitaleRRoumanie
94%
Ville-État située au cœur de RomeVVatican
90%
Pristina est sa capitaleKKosovo ( République du )
84%
Chaîne de montagnes en EuropePPyrénées
84%
Etat américainFFloride
83%
Ville située au nord de la SuisseZZurich
82%
Pays voisin de l'ArménieAAzerbaidjan
81%
Belfast est sa capitaleIIrlande du Nord
79%
Capitale du Pays de GallesCCardiff
78%
Pays en Afrique de l'EstMMozambique
78%
Capitale de la région de l'AndalousieSSéville
76%
Capitale de la province de l'OntarioTToronto
75%
Capitale du CamerounYYaoundé
73%
Pays ayant le plus de meurtresBBrésil
68%
Etat américain dans lequel la capitale est OlympiaWWashington
67%
Pays caribéenGGrenade
64%
La plus grande île du JaponHHonshu
51%
Premier camp de concentration mis en place par le régime naziDDachau
49%
État des États-Unis situé dans la région de la Nouvelle-AngleterreNNew Hampshire
46%
Ville allemande qui se situe dans la SaxeLLeipzig
25%
Capitale du Xinjiang dans l'extrême ouest de la ChineUÜrümqi
10%
Capitale des Philippines 1948-1976QQuezon City
9%
Commune française, située dans le département du Nord ou dans l'Aisne en région Hauts-de-FranceEEstrées
0%
Subdivision administrative de la province de l'Anhui en ChineXXuanzhou
0%

Distribution des résultats

Percentile par nombre de réponses

% des personnes avec chaque résultat

Votre développement - résultats

Vous n’avez pas pris ce quiz